Las otras ciudades mexicanas : (Record no. 176028)

MARC details
000 -CABECERA
campo de control de longitud fija 00731nam a2200217 a 4500
005 - FECHA Y HORA DE LA ÚLTIMA TRANSACCIÓN
campo de control 20220811130700.0
008 - ELEMENTOS DE LONGITUD FIJA--INFORMACIÓN GENERAL
campo de control de longitud fija 150601s2014 mx r 000 0 spa d
020 ## - NÚMERO INTERNACIONAL NORMALIZADO PARA LIBROS
Número Internacional Estándar del Libro 9786079294571
035 ## - NÚMERO DE CONTROL DEL SISTEMA
Número de control de sistema UPN01000203927
049 ## - COLECCIÓN
Colección CG
050 #4 - SIGNATURA TOPOGRÁFICA DE LA BIBLIOTECA DEL CONGRESO
Número de clasificación HT384 M6
Número de documento/Ítem O7.7
245 04 - MENCIÓN DE TÍTULO
Título Las otras ciudades mexicanas :
Resto del título procesos de urbanización olvidados /
Mención de responsabilidad, etc. coord. Martín M. Checa-Artasu.
260 ## - PUBLICACIÓN, DISTRIBUCIÓN, ETC.
Lugar de publicación, distribución, etc. México :
Nombre del editor, distribuidor, etc. Instituto Mora :
-- CONACYT,
Fecha de publicación, distribución, etc. 2014.
300 ## - DESCRIPCIÓN FÍSICA
Extensión 251 p. :
Otras características físicas mapas, gráfs., il.
440 #0 - MENCIÓN DE SERIE/ASIENTO SECUNDARIO--TÍTULO
Título Historia urbana y regional
650 #4 - ASIENTO SECUNDARIO DE MATERIA - TERMINO TEMATICO
Término de materia o nombre geográfico como elemento de entrada URBANIZACION -
Subdivisión geográfica MEXICO -
Subdivisión general HISTORIA
9 (RLIN) 24050
650 #4 - ASIENTO SECUNDARIO DE MATERIA - TERMINO TEMATICO
Término de materia o nombre geográfico como elemento de entrada Ciudades y pueblos
Subdivisión geográfica México
Subdivisión general Historia
9 (RLIN) 8038
700 1# - ASIENTO SECUNDARIO--NOMBRE DE PERSONAL
Nombre de persona Checa-Artasu, Martín M.,
Término indicativo de función/relación coord.
905 ## - TIPO DE MATERIAL
Tipo de material Libro
Holdings
Estado de retiro Estado de pérdida Fuente del sistema de clasificación o colocación Estado dañado No para préstamo Código de colección Localización permanente Ubicación/localización actual Ubicación en estantería Total de préstamos Clasificación Código de barras Fecha visto por última vez Número de copia Tipo de ítem Koha
    Library of Congress Classification     Colección General Bib. Gregorio Torres Quintero Bib. Gregorio Torres Quintero Planta baja 1 HT384 M6 O7.7 306782 31/12/2020 1 Libro
    Library of Congress Classification     Colección General Bib. Gregorio Torres Quintero Bib. Gregorio Torres Quintero Planta baja   HT384 M6 O7.7 304598 31/12/2020 1 Libro